Estatísticas para Bandeiras da Ásia

Clique aqui para jogar o quiz

Estatísticas Gerais

  • Esse quiz foi jogado 215 vezes
    (186 desde o último reset)
  • A pontuação média é 39 de 51

Estatísticas das Respostas

Resposta% Correto
Índia
97%
China
95%
Qatar
93%
Coreia do Norte
91%
Georgia
91%
Irã
91%
Israel
91%
Chipre
90%
Arábia Saudita
88%
Iraque
88%
Japão
88%
Síria
87%
Malásia
86%
Coreia do Sul
85%
Emirados Árabes Unidos
85%
Nepal
85%
Sri Lanka
85%
Turquia
85%
Paquistão
84%
Taiwan (China)
84%
Singapura
81%
Brunei
80%
Camboja
80%
Quirguistão
79%
Tailândia
79%
Vietnã
79%
Butão
78%
Indonésia
78%
Maldivas
78%
Turquemenistão
78%
Filipinas
77%
Iêmen
77%
Líbano
77%
Uzbequistão
77%
Armenia
76%
Omã
76%
Bangladesh
75%
Mongólia
74%
Jordânia
73%
Bahrein
70%
Laos
70%
Timor-Leste
69%
Myanmar
67%
Kuwait
64%
Tajiquistão
63%
Afeganistão
59%
Hong Kong
56%
Palestina
42%
Macau
35%
Chipre do Norte
29%
Território Britânico do Oceano Índico (Reino Unido)
12%

Distribuição das Pontuações

Percentil de Números Respondidos

Porcentagem de Pessoas com Cada Pontuação

Sua Pontuação Histórica

Você não jogou esse quiz desde o último reset